Zwycięzcy Superpucharu Polski - nagła śmierć - Statystyki

Ogólne statystyki
  • Ten quiz został rozwiązany 335 razy
  • Średni wynik to 6 z 16
Answers on the Grid
Answers color-coded by a green-red scale on the quiz's grid according to % correct below.
Lechia Gdańsk
Śląsk Wrocław
Górnik Zabrze
Legia Warszawa
Lech Poznań
GKS Katowice
Widzew Łódź
Amica Wronki
Polonia Warszawa
Wisła Płock
Zagłębie Lubin
Jagiellonia Białystok
Zawisza Bydgoszcz
Arka Gdynia
Raków Częstochowa
Szombierki Bytom
Ruch Chorzów
Pogoń Szczecin
Miedź Legnica
GKS Bełchatów
Cracovia
Górnik Radlin
Radomiak Radom
Warta Poznań
Sandecja Nowy Sącz
Stal Mielec
 
Statystyki odpowiedzi
Odpowiedź % Poprawnych
Legia Warszawa
84%
Lech Poznań
73%
Raków Częstochowa
57%
Widzew Łódź
42%
Arka Gdynia
41%
Jagiellonia Białystok
41%
Śląsk Wrocław
40%
Górnik Zabrze
39%
Lechia Gdańsk
38%
Cracovia
36%
Zawisza Bydgoszcz
27%
Amica Wronki
26%
Polonia Warszawa
24%
Zagłębie Lubin
19%
GKS Katowice
14%
Wisła Płock
11%
Nie znaleziono quizów pasujących do podanych kryteriów
Rozkład punktacji
Procent ludzi z każdym wynikiem
Percentyl według liczby udzielonych odpowiedzi
Twoja historia wyników
Nie rozwiązałeś tego quizu